Cátedra de medicina preventiva y social / (Registro nro. 200)

Detalles MARC
000 -LEADER
fixed length control field 01718 am a2200517 a 4500
005 - FECHA ULTIMA MODIFICACION
control field 20240521130350.0
008 - CAMPO DE CONTROL (LIBRO)
fixed length control field 100330s1982||||ag f 001 0dspa d
020 ## - INTERNATIONAL STANDARD BOOK NUMBER
ISBN 9502300211
041 ## - CODIGO DE IDIOMA
Código de idioma del texto/pista de sonido o título separado spa
092 ## - SIGNATURA TOPOGRAFICA DEWEY LOCAL
número de clasificación 614.44
libristica 10
sección CAT
245 ## - TITULO PROPIAMENTE DICHO
Título Cátedra de medicina preventiva y social /
Mención de responsabilidad y remanente de la transcripción de la portada Felix Olivieri
250 ## - MENCION DE EDICION
Mención de edición 2a ed. ampliada
260 ## - PIE DE IMPRENTA
Lugar de publicación, distribución, etc Buenos Aires:
Nombre de la editorial, distribuidor, etc EUDEBA;
Fecha de publicación 1982.
300 ## - DESCRIPCION FISICA
Extension 346 p.
500 ## - NOTA GENERAL
Nota general Olivieri, F. et al. (1982). Cátedra de medicina preventiva y social. (2a ed.). Buenos Aires : EUDEBA.
653 ## - TÉRMINO INDIZADO - PALABRAS CLAVES
Palabra clave Medicina preventiva y social
653 ## - TÉRMINO INDIZADO - PALABRAS CLAVES
Palabra clave Disciplinas y problemas relacionados con la medicina preventiva y social
653 ## - TÉRMINO INDIZADO - PALABRAS CLAVES
Palabra clave Diagnóstico de la realidad sanitaria
653 ## - TÉRMINO INDIZADO - PALABRAS CLAVES
Palabra clave Tratamiento de la situación sanitaria
653 ## - TÉRMINO INDIZADO - PALABRAS CLAVES
Palabra clave Medidas de magnitud de la enfermedad
653 ## - TÉRMINO INDIZADO - PALABRAS CLAVES
Palabra clave Salud materno infantil
653 ## - TÉRMINO INDIZADO - PALABRAS CLAVES
Palabra clave Atención médica
653 ## - TÉRMINO INDIZADO - PALABRAS CLAVES
Palabra clave Saneamiento ambiental
653 ## - TÉRMINO INDIZADO - PALABRAS CLAVES
Palabra clave Control sanitario de los alimentos
653 ## - TÉRMINO INDIZADO - PALABRAS CLAVES
Palabra clave Factores ambientales y la salud
653 ## - TÉRMINO INDIZADO - PALABRAS CLAVES
Palabra clave Medicina del trabajo
653 ## - TÉRMINO INDIZADO - PALABRAS CLAVES
Palabra clave Epidemiología
653 ## - TÉRMINO INDIZADO - PALABRAS CLAVES
Palabra clave Nutrición
653 ## - TÉRMINO INDIZADO - PALABRAS CLAVES
Palabra clave Salud mental
653 ## - TÉRMINO INDIZADO - PALABRAS CLAVES
Palabra clave Anexo I: alcoholismo
653 ## - TÉRMINO INDIZADO - PALABRAS CLAVES
Palabra clave Anexo II: toxicomania
653 ## - TÉRMINO INDIZADO - PALABRAS CLAVES
Palabra clave Rehabilitación
700 1# - ENTRADAS SECUNDARIAS - NOMBRE PERSONAL
Nombre personal Olivieri, Félix
9 (RLIN) 352
700 1# - ENTRADAS SECUNDARIAS - NOMBRE PERSONAL
Nombre personal Lepera, Luis
9 (RLIN) 353
700 1# - ENTRADAS SECUNDARIAS - NOMBRE PERSONAL
Nombre personal Ganduglia Pirovano, José A.
9 (RLIN) 354
700 1# - ENTRADAS SECUNDARIAS - NOMBRE PERSONAL
Nombre personal Antoni, Adolfo
9 (RLIN) 355
700 1# - ENTRADAS SECUNDARIAS - NOMBRE PERSONAL
Nombre personal Val, Andrés
9 (RLIN) 356
700 1# - ENTRADAS SECUNDARIAS - NOMBRE PERSONAL
Nombre personal Bellocq, Rene
9 (RLIN) 357
700 1# - ENTRADAS SECUNDARIAS - NOMBRE PERSONAL
Nombre personal Mazzafero, Vicente
9 (RLIN) 358
700 1# - ENTRADAS SECUNDARIAS - NOMBRE PERSONAL
Nombre personal Ganapol, Gregorio
9 (RLIN) 359
700 1# - ENTRADAS SECUNDARIAS - NOMBRE PERSONAL
Nombre personal Biedak, Enrique
9 (RLIN) 360
700 1# - ENTRADAS SECUNDARIAS - NOMBRE PERSONAL
Nombre personal Pistoletti, Enrique
9 (RLIN) 361
700 1# - ENTRADAS SECUNDARIAS - NOMBRE PERSONAL
Nombre personal Rosemwarzel, Horacio
9 (RLIN) 362
930 ## - NUMERO DE INVENTARIO
Número de inventario 1919
942 ## - ADDED ENTRY ELEMENTS (KOHA)
Source of classification or shelving scheme Dewey Decimal Classification
Item type Libros
Existencias
Estado de retiro Existencia Estado general No para prestamo Ubicación permanente ubicación actual Sala de ubicación Fecha de adquisición Total Checkouts Número de clasificación Código de barras Date last seen Número de ejemplar Price effective from Koha tipo de elemento (item)
        Biblioteca Medicina Biblioteca Medicina Circulación 13/05/2011   614.44 10 CAT 1919 06/11/2014 ej.1 13/05/2011 Libros

UNIVERSIDAD NACIONAL DEL COMAHUE
Biblioteca de la Facultad de Ciencias Médicas
Sede Toschi: Los Arrayanes y Av. Toschi, Cipolletti  - Rio Negro
Sede Los Tordos:  Yrigoyen al 2211, Cipolletti - Rio Negro 

Teléfono: 0299 - 4774707 int 25
Contacto: biblioteca@facimed.uncoma.edu.ar
© 2011 - 2026